[Event "Russian Cup Final Women 2020"]
[Site "Khanty-Mansiysk"]
[Date "2020.12.18"]
[Round "1.3"]
[White "Zherebtsova, Alexandra"]
[Black "Voit, Daria"]
[Result "0-1"]
[WhiteElo "2204"]
[BlackElo "2353"]
[Annotator "TA"]
[PlyCount "124"]
[EventDate "2020.12.18"]
[EventType "k.o."]
[EventCountry "RUS"]
[SourceTitle "playchess.com"]
[Source "ChessBase"]
[SourceQuality "1"]

{[%evp 11,124,6,25,39,46,46,43,43,51,36,45,43,41,46,45,31,39,24,24,8,21,14,26,-19,-4,-152,-131,-129,-66,-87,-75,-83,-97,-139,-5,-15,85,80,89,83,403,89,72,79,675,675,672,671,743,728,681,73,76,76,59,69,56,58,60,70,106,30,61,45,43,0,0,0,0,0,0,-8,0,-33,-8,-81,-8,-8,-8,-361,-382,-361,-8,-12,-8,-8,-8,-8,0,-135,-135,-157,-135,-154,-120,-127,0,-136,-132,-418,-418,-418,-418,-418,-418,-529,-529,-529,-529,-529,-529,-529,-418,-29991,-29992]} 1. d4 Nf6 2. c4 e6 3. g3 d5 4. Bg2 Bb4+ 5. Nd2 O-O 6. Ngf3 c6 7. O-O {E01: Catalan: Early deviations.} Nbd7 8. Qc2 b6 $1 {[%mdl 4] is currently scoring better than 8...Re8.} 9. e4 {White is slightly better.} Bb7 10. e5 Ne8 $1 11. Rd1 Be7 12. cxd5 cxd5 13. Nf1 Rc8 14. Qe2 Nb8 15. Ne1 {[#]} Ba6 $146 ({Predecessor:} 15... Qd7 16. Bh3 Ba6 17. Qg4 Qb5 18. Nd3 Qc6 19. Nf4 Kh8 20. Ne3 Rc7 21. Bd2 Bc8 {1-0 (29) Gokhale,A (2009)-Aird,I (1830) Prague 2019}) 16. Qg4 Nc6 17. Ne3 g6 18. Nf1 (18. Qh3 $11) 18... h5 $1 $17 {[%cal Rh5g4]} 19. Qf3 f6 (19... Ng7 $1 $17 {aiming for ...f6.} 20. Nc2 Nxe5 $1 {[%mdl 512]} 21. dxe5 Rxc2) 20. exf6 Rxf6 21. Qe3 Ng7 {And now ...Nf5 would win.} 22. Bh3 g5 (22... Qd7 $17 23. Nd3 Nf5 24. Bxf5 Rxf5) 23. Qxg5 $11 Rxf2 (23... Qd7 $11 {remains equal.} 24. Qe3 Rcf8) 24. Bxe6+ $1 $16 Kf8 25. Qh6 $1 {[%cal Rh6h8]} Rxf1+ 26. Kg2 {[%cal Rh6h8]} Bf6 27. Bxc8 Rxe1 $4 {[%mdl 8192]} (27... Be2 $16) 28. Rxe1 $18 Bxc8 29. Rf1 Kf7 30. Bg5 Bf5 {[#]} 31. Qxf6+ $2 (31. Rxf5 $1 $18 {[%mdl 512] and the rest is easy.} Nxf5 32. Qh7+ {[%mdl 64] Double Attack} Ng7 33. Rf1 Nxd4 34. Rxf6+ Qxf6 35. Bxf6 Kxf6 36. Qh6+ Kf7 37. Qd6) 31... Qxf6 $16 32. Bxf6 Kxf6 33. Rac1 Nxd4 34. Rc7 Nge6 35. Rxa7 Ke5 36. a4 ({Better is} 36. Ra8 $16) 36... Be4+ $11 37. Kf2 Nc5 38. a5 bxa5 39. Rxa5 Nd3+ {[%mdl 64] Double Attack} 40. Ke3 Nxb2 {Hoping for ...Nc4+.} 41. Ra8 Nf5+ 42. Kd2 Nc4+ {[%mdl 1024] Black has compensation.} 43. Kc1 (43. Ke1 $1 $11) 43... d4 (43... Kd4 $1 $17) 44. Re8+ Kd5 {Threatening ...d3.} 45. Rf4 $2 {[%mdl 8192]} (45. Rh8 $1 $11 {and White is okay.}) 45... Nfd6 $19 46. Rh8 Bg6 $2 ({Black should try} 46... d3 $1 $19 47. Rf2 (47. Rxh5+ $2 Kd4 $19) 47... Kd4 48. Rxh5 Bc6) 47. Rf6 $11 Be8 {Strongly threatening ...d3.} 48. Rff8 Bf7 49. Rh7 $1 {[%cal Rh7f7]} Ne5 50. Rfxf7 (50. Rh6 $11) 50... Ndxf7 $17 ({Don't play} 50... Nexf7 51. Rxh5+ Ne5 52. Kd2 $15) 51. Rxh5 Ke4 $1 52. g4 Ke3 ({Stronger than} 52... Nxg4 53. Rh4 $11) 53. g5 {[#]} Ke2 (53... Nd3+ $1 $17 54. Kc2 Nf4) 54. g6 (54. Rh4 $11 {was the only way to keep the balance.}) 54... Nxg6 55. Rd5 $2 {[%mdl 8192] [#]} (55. Ra5 $17) 55... d3 $1 $19 56. h4 Nf4 57. Rd7 Ne5 58. Rd8 Nh5 59. Rd6 Nc4 60. Re6+ Ne3 61. Rd6 Nf4 {( -> ...Nfd5)} 62. h5 (62. Rd4 $19 Nh5 63. Rd8) 62... Nfd5 {Never resign too early!  Weighted Error Value: White=0.58/Black=0.34} 0-1

[Event "Russian Cup Final Women 2020"]
[Site "Khanty-Mansiysk"]
[Date "2020.12.18"]
[Round "1.4"]
[White "Kovanova, Baira"]
[Black "Guseva, Marina"]
[Result "0-1"]
[WhiteElo "2323"]
[BlackElo "2352"]
[Annotator "TA"]
[PlyCount "94"]
[EventDate "2020.12.18"]
[EventType "k.o."]
[EventCountry "RUS"]
[SourceTitle "playchess.com"]
[Source "ChessBase"]
[SourceQuality "1"]

{[%evp 19,94,0,0,0,0,0,0,-5,2,0,0,0,16,4,17,9,11,-8,0,0,0,-37,-20,-11,-36,-16,0,0,0,0,0,0,0,0,0,0,14,8,30,32,41,33,34,30,31,0,51,41,34,0,0,0,0,0,0,0,9,0,0,0,0,0,70,-342,-335,-332,-341,-335,-333,-327,-310,-381,-380,-658,-648,-1156,-1105]} 1. e4 c5 2. Nf3 d6 3. d4 cxd4 4. Nxd4 Nf6 5. Nc3 a6 6. g3 e5 7. Nb3 Be7 8. Bg2 b5 9. O-O O-O 10. Re1 Nbd7 11. Nd2 {B91: Sicilian Najdorf: 6 g3.} Nb6 {[#]} 12. a3 $146 ({Predecessor:} 12. Nf1 b4 13. Nd5 Nfxd5 14. exd5 f5 15. a3 bxa3 16. Rxa3 Rb8 17. Nd2 Bb7 18. c4 Rc8 {1-0 (46) Cau,B (2173)-Estremera Panos,S (2394) Chambery 2008}) 12... Bg4 13. Bf3 {The position is equal.} Bd7 14. Qe2 Rc8 15. Nf1 Ne8 16. Bg4 Nc7 17. Bxd7 Qxd7 18. Ne3 g6 19. Rd1 Ne6 20. Qg4 h5 21. Qh3 Qb7 22. Qg2 Rfd8 23. Ncd5 Nxd5 24. Rxd5 Bg5 25. c3 Nc5 26. Nc2 Bxc1 27. Rxc1 Na4 28. Rb1 Kg7 29. Ne3 Rc6 30. Rdd1 Nb6 31. Qf3 Rc5 32. Qg2 Qe7 (32... Rc6 $11) 33. Rd3 $14 Qe6 34. Qf3 d5 35. Qd1 Rd7 36. b4 Rc8 37. exd5 Qf6 38. Qe1 Na4 39. Rc1 e4 40. Rd4 {Strongly threatening Qd2.} Rxc3 ({Better is} 40... Nb2 $1 $11) 41. Rxe4 $2 {[%mdl 8192] [#] Loses the game.} (41. Rxc3 $14 Qxd4 42. Rc6) 41... Rxc1 $1 $19 42. Qxc1 Nc3 {[%mdl 64] White must now prevent ...Ne2+. Double Attack} 43. Qc2 Nxe4 44. Qxe4 Rc7 45. Kg2 Rc3 46. Qe8 $2 (46. d6 Qxd6 47. Nd5) 46... Rxa3 47. Qc8 {[#]} Ra2 $1 {Weighted Error Value: White=0.44/Black=0.10} 0-1

[Event "Russian Cup Final Women 2020"]
[Site "Khanty-Mansiysk"]
[Date "2020.12.19"]
[Round "1.5"]
[White "Guseva, Marina"]
[Black "Kovanova, Baira"]
[Result "0-1"]
[WhiteElo "2352"]
[BlackElo "2323"]
[Annotator "TA"]
[PlyCount "6"]
[EventDate "2020.12.18"]
[EventType "k.o."]
[EventCountry "RUS"]
[SourceTitle "playchess.com"]
[Source "ChessBase"]
[SourceQuality "1"]

{[%evp 6,6,109]} 1. d4 Nf6 2. c4 c5 3. d5 {[#]} Ng8 $146 {Not much happened in this game.} ({Predecessor:} 3... e6 4. Nc3 d6 5. Nf3 g6 6. e4 Bg7 7. h3 O-O 8. Bd3 exd5 9. cxd5 Na6 10. O-O Nc7 11. Re1 Nd7 12. Bf4 Qe7 13. a4 Ne5 14. Nxe5 Bxe5 15. Bxe5 Qxe5 16. Qd2 b6 17. Rad1 Bd7 18. f4 Qd4+ 19. Kh2 Bxa4 20. Nxa4 Qxa4 {0-1 (75) So,W (2770)-Duda,J (2743) Chess.com INT 2020}) 0-1

[Event "Russian Cup Final Women 2020"]
[Site "Khanty-Mansiysk"]
[Date "2020.12.20"]
[Round "2.1"]
[White "Bodnaruk, Anastasia"]
[Black "Bivol, Alina"]
[Result "1-0"]
[WhiteElo "2414"]
[BlackElo "2373"]
[Annotator "TA"]
[PlyCount "91"]
[EventDate "2020.12.18"]
[EventType "k.o."]
[EventCountry "RUS"]
[SourceTitle "playchess.com"]
[Source "ChessBase"]
[SourceQuality "1"]

{[%evp 17,91,25,31,24,27,27,18,26,22,14,16,12,23,16,13,14,33,32,34,26,59,43,45,35,51,55,83,28,136,100,228,222,276,249,229,230,212,120,230,139,362,129,121,112,110,38,262,256,243,247,246,239,227,159,559,561,558,558,535,552,531,502,868,862,1848,1673,2001,1864,29992,29993,29996,29995,29995,29996,29996,29997]} 1. e4 e6 2. d4 d5 3. Nc3 Bb4 4. e5 c5 5. a3 Ba5 6. b4 cxd4 7. Nb5 Bc7 8. f4 Bd7 {8...Bd7 is better than 8...Ne7.} 9. Nxc7+ Qxc7 10. Nf3 {C18: French: 3 Nc3 Bb4: Main line: 7 h4 and 7 Qg4.} Ba4 11. Bd3 Ne7 12. O-O {The position is equal.} a6 13. Qe2 Nbc6 14. Bb2 Qb6 15. Qf2 {[%cal Rf3d4]} Bb5 16. Nxd4 Bxd3 17. cxd3 g6 18. Rfc1 h5 19. Rc5 {[#]} O-O $146 ({Predecessor:} 19... Kd7 20. Rac1 Rhc8 21. Nf3 Qa7 22. Ng5 b6 23. R5c2 Ke8 24. Nh7 Qb7 25. h3 Na7 {1-0 (65) Chen,Q (2415)-Peng,S (2388) Shanghai 2018}) 20. Nf3 Rac8 21. Rac1 Nb8 22. f5 (22. Bd4 $16 Qb5 23. Qd2) 22... exf5 (22... Rxc5 $1 $11 23. bxc5 Qb5) 23. Bd4 $16 Rxc5 (23... Qe6 $16) 24. Bxc5 $18 ({Weaker is} 24. bxc5 Qb3 $11) 24... Qc7 25. Qd2 f4 26. Qxf4 {Hoping for Qh6.} Re8 27. Nh4 (27. h3 $18) 27... Nec6 (27... Qd7 $16) 28. d4 {aiming for Rf1.} Nd7 $2 {[#]} (28... Nd8 $16 {was worth a try.}) 29. Bd6 $2 (29. Qh6 $1 $18 {and the rest is easy.} Ndxe5 30. dxe5 Qxe5 31. Nf3) 29... Qb6 $16 30. Nf3 {Threatens to win with Kh1.} Nf8 31. Bc5 $40 {[%mdl 128] White has some attack.} ({White should try} 31. Bxf8 $16 {White threatens Qh6 and mate.} Rxf8 32. Rc5) 31... Qc7 $2 (31... Ne6 $14 32. Qxf7+ (32. Bxb6 Nxf4 33. Rc2 Ne6 $11) 32... Kxf7 33. Bxb6 g5) 32. Bxf8 $18 Kxf8 {[#]} 33. Qh6+ $1 Ke7 34. Qg7 Kd8 35. Ng5 Re7 $2 (35... Kc8 $16 {is tougher.} 36. Nxf7 Kb8) 36. Qg8+ Kd7 37. Nxf7 Qb8 38. Qxg6 Nxd4 {White must now prevent ...Ne2+.} 39. Rd1 Qa7 (39... Qe8 $142 40. Rxd4 Rxf7 41. Rxd5+ Kc8) 40. Kh1 {Qd6+ would kill now.} Ne6 41. Rxd5+ Kc7 {[#]} 42. Rc5+ $1 {[%mdl 512]} Kd7 (42... Nxc5 43. Qd6+) 43. Qd3+ {White mates.} Ke8 44. Nd6+ Kf8 45. Rc8+ Kg7 46. Qg3+ {Weighted Error Value: White=0.24/Black=0.62} 1-0

[Event "Russian Cup Final Women 2020"]
[Site "Khanty-Mansiysk"]
[Date "2020.12.20"]
[Round "2.1"]
[White "Kovanova, Baira"]
[Black "Voit, Daria"]
[Result "1/2-1/2"]
[WhiteElo "2323"]
[BlackElo "2353"]
[Annotator "TA"]
[PlyCount "81"]
[EventDate "2020.12.18"]
[EventType "k.o."]
[EventCountry "RUS"]
[SourceTitle "playchess.com"]
[Source "ChessBase"]
[SourceQuality "1"]

{[%evp 10,81,8,8,27,0,12,2,15,5,17,18,17,-13,-9,-43,-41,-41,-31,-22,-16,-25,-6,-15,-22,-14,9,6,10,0,41,41,47,50,55,50,59,0,0,0,0,0,0,0,0,0,0,0,0,0,26,-28,0,0,0,0,0,0,0,0,0,0,0,0,0,0,0,0,0,0,0,0,0,0]} 1. d4 d5 2. c4 c6 3. Nc3 Nf6 4. e3 a6 5. a4 e6 6. Nf3 Nbd7 {D15: Slav Defence: 4 Nc3 a6 and gambit lines after 4 Nc3 dxc4.} 7. Qc2 Bd6 8. Bd3 O-O 9. O-O e5 {[#] Threatens to win with ...e4.} 10. cxd5 cxd5 {And now ...e4 would win.} 11. dxe5 Nxe5 {[#]} 12. Be2 $146 ({Predecessor:} 12. Nxe5 Bxe5 13. f4 Bb8 14. Kh1 Be6 15. Bd2 h6 16. Rad1 Qb6 17. b4 Rc8 18. Qb2 {0-1 (33) Lainburg,V (1918)-Cordes,L (1840) Bregenz 2019}) 12... Qc7 13. h3 Nxf3+ (13... Rd8 {keeps more tension.} 14. Nd4 Be6 15. Bd2 Nc6 16. Bd3 Qd7) 14. Bxf3 Be6 15. Rd1 Rac8 16. Qd3 Rfd8 17. Ne2 Be5 18. Nd4 Qc4 19. Qb1 Bxd4 20. Rxd4 Qc2 21. Bd2 {aiming for Qxc2.} Qxb1+ 22. Rxb1 Ne4 23. Bxe4 (23. a5 $14) 23... dxe4 $11 24. Rxd8+ Rxd8 $14 {[%mdl 4096] Endgame KRB-KRB} 25. Bc3 Bb3 26. a5 Bc2 27. Rc1 Rd1+ 28. Rxd1 Bxd1 $11 {KB-KB} 29. h4 f5 30. g3 ({White should try} 30. Kh2) 30... g6 31. Kf1 {The position is equal.} Kf7 32. Ke1 Ba4 33. Kd2 Ke6 34. Bd4 Kd5 35. Kc3 h5 36. b4 Bb5 37. Bf6 Bc6 38. Bd4 Bb5 39. Bf6 Bc6 40. Bd4 Bb5 41. Bf6 {Accuracy: White = 88%, Black = 89%.} 1/2-1/2

[Event "Russian Cup Final Women 2020"]
[Site "Khanty-Mansiysk"]
[Date "2020.12.21"]
[Round "2.2"]
[White "Bivol, Alina"]
[Black "Bodnaruk, Anastasia"]
[Result "0-1"]
[WhiteElo "2373"]
[BlackElo "2414"]
[Annotator "TA"]
[PlyCount "114"]
[EventDate "2020.12.18"]
[EventType "k.o."]
[EventCountry "RUS"]
[SourceTitle "playchess.com"]
[Source "ChessBase"]
[SourceQuality "1"]

{[%evp 11,114,21,14,20,36,-25,20,20,23,0,0,0,17,0,37,32,34,19,41,5,25,24,24,20,25,18,24,6,62,69,54,42,48,20,29,0,0,0,95,101,67,86,90,92,87,75,97,35,131,116,109,79,78,34,45,43,59,24,59,0,36,58,48,52,66,64,87,45,249,38,611,8,33,17,120,89,113,81,172,107,193,201,173,184,146,137,164,0,142,127,60,49,218,159,532,489,868,860,711,22,958,41,37,-864,-437]} 1. e4 c5 2. Nf3 d6 3. Nc3 e5 4. Bc4 Be7 5. d3 Nc6 6. h3 Nf6 7. a4 {[#] B30: Sicilian: 2...Nc6 3 Bb5, lines without ...g6.} Be6 $146 ({Predecessor:} 7... O-O 8. O-O Be6 9. Re1 Na5 10. Ba2 a6 11. Bd2 h6 12. Nd5 Nc6 13. a5 Bxd5 14. Bxd5 Nxd5 15. exd5 {½-½ (103) Gokerkan,C (2452)-Nigalidze,G (2472) Konyaalti 2019}) 8. Bg5 ({White should play} 8. Ng5 $14) 8... Nd7 (8... Nxe4 $5 9. Nxe4 d5 $11 {[%mdl 64] Double Attack}) 9. Bxe7 {The position is equal.} Qxe7 10. a5 a6 11. Nd5 Bxd5 12. Bxd5 Nf8 13. c3 Ne6 14. g3 O-O 15. Qb3 Rab8 16. Nh4 g6 17. Ng2 Nc7 18. h4 Nxd5 19. exd5 Nd8 ({Black should try} 19... Na7 $11) 20. h5 f5 21. hxg6 hxg6 22. O-O-O Kg7 23. f4 Nf7 24. Rde1 b6 (24... Rh8 $11 {keeps the balance.}) 25. axb6 $16 Qd8 26. Ne3 Rxb6 27. Qd1 Rb8 28. Nc4 Qd7 29. Rhg1 (29. g4 $1 $16) 29... Nh6 (29... Rbe8 $1 $14) 30. fxe5 dxe5 31. Rxe5 {Threatens to win with d6.} Ng4 32. Re6 {aiming for Nd6.} Qxd5 33. Rd6 (33. Rxa6 Nf2 $17) 33... Qb7 34. Re1 Rfe8 35. Rb6 (35. Qd2 $14) 35... Qc7 36. Rxe8 ({But not} 36. Rxa6 $2 Nf2 $19) 36... Rxe8 37. Qf3 ({Of course not} 37. Rxa6 Qxg3 38. Kc2 f4 $15) 37... Re7 38. Rxa6 Re1+ 39. Kc2 Rg1 $2 (39... Qe7 $1 $14) 40. Nd6 $2 (40. Qa8 $18 Kh6 41. Rc6 (41. Qh8+ Qh7 $18)) 40... Qe7 $2 {[%mdl 8192]} (40... Qb8 $14 41. Nc4 Qxg3 42. Qb7+ Kh6) 41. Qb7 $2 ({Only move:} 41. Qa8 $18 Qe2+ 42. Kb3 Qd1+ 43. Kc4 Ne5+ 44. Kxc5 Nxd3+ 45. Kb6 Qb3+ 46. Kc7) 41... Qxb7 (41... Ne3+ {is interesting.} 42. Kb3 Qxb7+ 43. Nxb7 Rxg3 44. Nxc5 g5) 42. Nxb7 $11 {[%mdl 4096] Endgame Hoping for c4. KRN-KRN} Rg2+ (42... Rxg3 $11 43. Nxc5 Rg2+ 44. Kb3 Ne3) 43. Kb3 $16 Rxg3 44. Nxc5 Kf7 (44... Ne3 $16 {was called for.}) 45. d4 (45. Kc4 $1 $18) 45... Nf6 (45... Rg1 $16 {might work better.} 46. Ne6 Ne3) 46. Ra7+ $18 Ke8 47. Kc4 f4 48. Ra8+ Ke7 49. Ra7+ Ke8 $1 50. b4 {Strongly threatening Ra6.} f3 ({Better is} 50... Rg1 $16) 51. Nd3 {b5 is the strong threat.} Ne4 $2 (51... Rg2 $1 $14) 52. b5 $1 {[%cal Rb5b6] Black must now prevent b6.} Rg1 $2 (52... Rg5 $16 {is a better chance.}) 53. Kd5 $1 {[%cal Rd5e4]} Nxc3+ {[#]} (53... f2 $142 54. Nxf2 Nxf2) 54. Ke6 $1 {[%cal Ra7a8]} Kf8 {[#]} 55. Rf7+ $2 (55. b6 $1 $18) 55... Ke8 $2 {[%mdl 8192]} (55... Kg8 $11) 56. b6 $2 ({White must play} 56. Rc7 $18 {[%cal Rc7c8]} Kf8 57. Rxc3) 56... Rb1 $14 57. b7 $2 {[%mdl 8192]} (57. Rb7 $14 Kf8 58. Ne5) 57... Rb6+ {Black used his chance.  Weighted Error Value: White=0.68/Black=0.60} 0-1

[Event "Russian Cup Final Women 2020"]
[Site "Khanty-Mansiysk"]
[Date "2020.12.21"]
[Round "2.2"]
[White "Voit, Daria"]
[Black "Kovanova, Baira"]
[Result "1-0"]
[WhiteElo "2353"]
[BlackElo "2323"]
[Annotator "TA"]
[PlyCount "79"]
[EventDate "2020.12.18"]
[EventType "k.o."]
[EventCountry "RUS"]
[SourceTitle "playchess.com"]
[Source "ChessBase"]
[SourceQuality "1"]

{[%evp 13,79,35,27,9,20,-17,40,43,60,43,64,44,67,59,46,33,45,44,47,39,45,56,63,64,79,57,37,43,44,44,65,50,45,54,84,1,15,43,41,-116,133,123,130,129,439,427,588,589,614,577,641,639,663,662,697,648,638,640,790,591,767,766,778,797,2460,2276,2211,1968]} 1. Nf3 Nf6 2. c4 c5 3. Nc3 Nc6 4. g3 d6 5. Bg2 g6 6. d4 cxd4 7. Nxd4 Bd7 8. e4 {A31: Symmetrical English: 2 Nf3 Nf6 3 d4.} Bg7 9. Nde2 O-O (9... h5 $11) 10. O-O $14 {White is slightly better.} a5 11. h3 {[#]} Ne5 $146 ({Predecessor:} 11... a4 12. Rb1 Qa5 13. Be3 Rfc8 14. f4 Rd8 15. Qe1 Nb4 16. Qd2 Bc6 17. Nd4 Nh5 {1-0 (47) Sinanan,J (2167)-Mederos,D (2155) ICC INT 2007}) 12. b3 (12. c5 $5) 12... a4 13. Be3 axb3 14. axb3 Rxa1 15. Qxa1 Qc8 16. f4 Nd3 17. Kh2 Bc6 18. Rd1 Nc5 {[%cal Rf6e4]} 19. Bxc5 dxc5 20. Qa5 Nd7 21. e5 Bxg2 22. Kxg2 Qc6+ 23. Kf2 f6 24. Qa4 (24. Qb5 $16 Qxb5 25. cxb5 (25. Nxb5 Nb8 $16)) 24... Nxe5 $1 $11 25. fxe5 fxe5+ 26. Ke1 $2 {[#]} (26. Ke3 $14 {stays ahead.} Qg2 27. Qd7) 26... Qf3 $2 (26... Qg2 $1 $17 {stays on course.} 27. Kd2 e4) 27. Qd7 $16 {Qd5+ is the strong threat.} e4 28. Kd2 Ra8 $2 {[%mdl 8192] Black cannot hold the game after this.} (28... Bxc3+ $16 29. Nxc3 Qg2+ 30. Ne2 b6 31. Qe6+ (31. Qxe7 Qf3 $16) 31... Kg7 32. Qxe7+ Rf7 33. Qe5+ Kh6) 29. Kc2 $18 {White is clearly winning.} Kh8 30. Qxb7 {[%mdl 64] [#] Double Attack} Qf8 31. Qxe4 Bf6 32. Na4 Qb8 33. Nec3 Ra6 34. Rd3 Qc8 35. g4 Qb8 36. Qd5 Qh2+ 37. Rd2 Qg3 38. g5 Bd4 39. Qd8+ {[%mdl 64] Double Attack} Kg7 40. Qxe7+ {[%mdl 64] Double Attack.  Weighted Error Value: White=0.30/Black=0.45} 1-0

[Event "Russian Cup Final Women 2020"]
[Site "Khanty-Mansiysk"]
[Date "2020.12.22"]
[Round "3.1"]
[White "Bodnaruk, Anastasia"]
[Black "Voit, Daria"]
[Result "1-0"]
[WhiteElo "2414"]
[BlackElo "2353"]
[Annotator "TA"]
[PlyCount "65"]
[EventDate "2020.12.18"]
[EventType "k.o."]
[EventCountry "RUS"]
[SourceTitle "playchess.com"]
[Source "ChessBase"]
[SourceQuality "1"]

{[%evp 22,65,0,-14,41,52,77,77,106,102,96,95,129,137,102,131,133,131,132,147,419,416,412,418,503,483,29981,29982,29982,29983,2581,826,29990,29983,29983,29984,29983,29984,29986,29987,29991,29992,29992,29990,29990,29991]} 1. e4 e5 2. Nf3 Nc6 3. d4 exd4 4. Bc4 Nf6 5. e5 d5 6. Bb5 Ne4 7. Nxd4 Bd7 8. Bxc6 bxc6 9. O-O Bc5 10. f3 Ng5 11. f4 Ne4 12. Be3 Qe7 {C56: Two Knights: 4 d4 exd4 5 0-0 Nxe4.} (12... Qb8 $11 13. Qc1 Bxd4 14. Bxd4 c5) 13. Nd2 $14 Bxd4 14. Bxd4 Nxd2 {White is better.} 15. Qxd2 Bf5 {[#]} 16. Qc3 $146 ({Predecessor:} 16. Qf2 a5 17. a4 Qe6 18. Ra3 h5 19. Rg3 g6 20. h4 O-O 21. Rc3 Rfb8 22. b3 {1-0 (50) Kytoniemi,J (2263)-Lehto,V (2181) Finland 2008}) 16... Kd7 17. g4 Bxg4 {[#]} 18. f5 $1 {And now e6+! would win.} Rhe8 19. h3 $36 {[%mdl 2048] White is in control.} Be2 20. Rf2 c5 $2 {[%mdl 8192] [#]} (20... Bc4 $16) 21. e6+ $1 $18 {[%mdl 576] Discovered Attack} fxe6 22. Bxc5 Qg5+ 23. Rg2 Qh5 (23... Qf4 $18 24. Rxg7+ Kc8) 24. Rxg7+ Kc6 25. Bd4+ Bc4 26. b3 (26. Qb4 $142 Rec8 27. b3) 26... e5 27. Bxe5 {White mates.} Rg8 28. bxc4 Rxg7+ 29. Bxg7 Re8 30. cxd5+ Kd7 31. Qc6+ Kd8 32. d6 {[%csl Gd6][%cal Rc6c7]} Qg5+ 33. Kh1 {Black did not feel at home in the position after the opening.  Weighted Error Value: White=0.05/Black=0.78} 1-0